000 01271nam a2200349 a 4500
001 000112507
003 CHAP
005 20220329144309.0
008 160607s2016 mx sm |||||||spa d
010 _a108968
011 _a109940
040 _cCHAP
090 _aTesis
100 1 _aArellano Ruiz, Rafel
_9130830
245 1 0 _aHuella hídrica azul del frijol (Phaseolus vulgarís L.) en el Centro Norte de México
_h[En línea]
_cpor Rafael Arellano Ruiz.
260 _aBermejillo, Durango :
_bEl autor,
_c2016.
500 _aPara ver el contenido del material haga clic en la liga
502 _aTesis (Ing. en Sistemas Agricolas) -- UACH. Unidad Regional Universitaría de Zonas Áridas
590 _aBATCH
_b00
_c20181121
_lUCH01
_h0758
590 _aE11695DGD
_b10
_c20160613
_lUCH01
_h1027
590 _aE5765TAJ
_b05
_c20160607
_lUCH01
_h0931
590 _aE5765TAJ
_b05
_c20160607
_lUCH01
_h0932
650 1 4 _aAgua subterránea
_92456
650 1 4 _aDistrito de Desarrollo Rural Chihuahua.
_932766
650 1 4 _aDistrito de Riego Comarca Lagunera.
_932862
650 1 4 _aFrijol
_xIrrigación.
_943398
856 _a1
_n0000488
856 _aFinding aid
_uhttp://10.13.5.2/tesis/sist112507.pdf
_zTeclea aquí
901 _aBK
942 _cTESIS
942 _n0
999 _c108968
_d108968